Trồng nho
Giới thiệu về tình hình trồng nho trong nước, khí hậu và đất đai, nhân giống nho, kỹ thuật trồng và biện pháp phòng trừ sâu bệnh
Saved in:
| Format: | Book |
|---|---|
| Language: | Undetermined |
| Published: |
Hà Nội
Nông nghiệp
2006
|
| Subjects: | |
| Tags: |
Add Tag
No Tags, Be the first to tag this record!
|
| Institutions: | Trung tâm Học liệu Trường Đại học Cần Thơ |
|---|
| LEADER | 00718nam a2200193Ia 4500 | ||
|---|---|---|---|
| 001 | CTU_151539 | ||
| 008 | 210402s9999 xx 000 0 und d | ||
| 020 | |c 20000 | ||
| 082 | |a 634.8 | ||
| 082 | |b Tr455 | ||
| 245 | 0 | |a Trồng nho | |
| 245 | 0 | |c Phạm Hữu Nhượng...[et al.] | |
| 260 | |a Hà Nội | ||
| 260 | |b Nông nghiệp | ||
| 260 | |c 2006 | ||
| 520 | |a Giới thiệu về tình hình trồng nho trong nước, khí hậu và đất đai, nhân giống nho, kỹ thuật trồng và biện pháp phòng trừ sâu bệnh | ||
| 650 | |a Tropical fruit,Grapes,Cây ăn quả | ||
| 904 | |i Năm | ||
| 980 | |a Trung tâm Học liệu Trường Đại học Cần Thơ | ||